<?xml version="1.0" encoding="UTF-8"?>
<marc:record xmlns:marc="http://www.loc.gov/MARC21/slim">
   <marc:leader>00000nam a2200000 a 4500</marc:leader>
   <marc:datafield ind1="1" ind2=" " tag="100">
      <marc:subfield code="a">Hunter, Erin</marc:subfield>
      <marc:subfield code="4">aut</marc:subfield>
      <marc:subfield code="e">Verfasser/-in</marc:subfield>
   </marc:datafield>
   <marc:datafield ind1="0" ind2="0" tag="245">
      <marc:subfield code="a">Survivor DogsBd. 6. Sturm der Hunde</marc:subfield>
   </marc:datafield>
   <marc:datafield ind1=" " ind2="1" tag="264">
      <marc:subfield code="b">Beltz</marc:subfield>
   </marc:datafield>
   <marc:datafield ind1="1" ind2=" " tag="490">
      <marc:subfield code="a">Survivor Dogs</marc:subfield>
   </marc:datafield>
   <marc:datafield ind1="1" ind2=" " tag="520">
      <marc:subfield code="a">Nachdem der grausame Wolfshund Alpha aus dem Rudel ausgeschieden ist, leiten es Sweet und Lucky als Alpha und Beta. Am Düsteren See erfüllt sich nun im geweissagten "Sturm der Hunde" das Schicksal der Wildhunde. - Siegen Grausamkeit und Gewalt oder Treue und Zusammenhalten? 6. Band der Reihe.</marc:subfield>
   </marc:datafield>
   <marc:datafield ind1=" " ind2=" " tag="020">
      <marc:subfield code="a">9783407821065</marc:subfield>
      <marc:subfield code="9">9783407821065</marc:subfield>
   </marc:datafield>
</marc:record>
